000 00292nam a2200085Ia 4500
008 220120s9999||||xx |||||||||||||| ||und||
100 _aNagarathna, Shruthi, Pooja and Pushpalatha
_912485
245 0 _aExamination paper leakage protection
260 _aCoorg Institute of Technology
_bPonnampet
_c2014
999 _c138072
_d138072